[Event "Vaujany Principal"]
[Site "Vaujany"]
[Date "2012.07.15"]
[Round "4.23"]
[White "Hourlier, Claire"]
[Black "Chauvet, Vincent"]
[Result "0-1"]
[WhiteElo "1964"]
[BlackElo "2118"]
[Annotator "Jean-pierre,LEES"]
[PlyCount "80"]
[SourceDate "2012.07.12"]
[TimeControl "240+2"]

{1024MB, Fritz8.ctg
} 1. e4 e5 2. Bc4 Nf6 3. d4 exd4 4. Nf3 Nc6 5. Ng5 Ne5 6.
Bb3 h6 7. f4 hxg5 8. fxe5 Nxe4 9. Bd5 (9. Qxd4) 9... Nc5 (9... f5 10. exf6 Nxf6
11. Qd3 Qe7+) 10. O-O Ne6 11. Qf3 Qe7 12. Nd2 g4 13. Qxg4 Qh4 14. Qxh4 Rxh4 15.
Nf3 Rh5 16. g4 Rh7 17. Kg2 Be7 18. g5 g6 19. Bxe6 dxe6 20. Nxd4 Bd7 21. Kg3
O-O-O 22. Be3 Rdh8 23. Nb3 Rh3+ 24. Kf2 Bc6 25. Nd4 Rxh2+ 26. Ke1 Be8 (26...
Bd5 $142) 27. Rd1 c5 28. Nf3 Rg2 29. Rg1 Rxg1+ 30. Nxg1 Bc6 31. Ke2 Rh2+ 32.
Kd3 Rh4 33. c4 Rg4 34. Rf1 Bxg5 35. Bxc5 b6 36. Bd4 Be4+ 37. Kc3 Rg3+ 38. Kb4
Be7+ 39. Kb5 Kb7 40. c5 Bd3+ 0-1

[Event "Vaujany"]
[Site "?"]
[Date "2012.07.15"]
[Round "4.24"]
[White "Mahiouz, Oualid"]
[Black "Borderie, David"]
[Result "1-0"]
[WhiteElo "2096"]
[BlackElo "1986"]
[PlyCount "71"]
[EventDate "2012.07.20"]
[SourceDate "2012.07.12"]

1. d4 d5 2. c4 Nc6 3. Nf3 Bg4 4. e3 e5 5. Qb3 Bxf3 6. gxf3 Bb4+ 7. Bd2 Bxd2+ 8.
Nxd2 Nge7 9. cxd5 Nxd5 10. Qxb7 Ncb4 11. Qb5+ c6 12. Qa4 exd4 13. e4 Ne3 14.
fxe3 dxe3 15. O-O-O exd2+ 16. Rxd2 Qb6 17. a3 Na2+ 18. Kb1 O-O 19. Qc4 Rfd8 20.
Bd3 Qe3 21. Kc2 Rd4 22. Qxa2 Rad8 23. Rhd1 c5 24. b3 Qxf3 25. Qb2 a5 26. a4 Qf4
27. Qc3 c4 28. bxc4 R4d7 29. Qxa5 Rb8 30. Rb1 Rc8 31. Qc3 h6 32. a5 Ra7 33. Rb5
Qc7 34. Qe5 Qc6 35. Qd5 Qc7 36. e5 1-0

[Event "Vaujany Principal"]
[Site "Vaujany"]
[Date "2012.07.15"]
[Round "4.25"]
[White "Neuhauser, Salome"]
[Black "Haver, Dan"]
[Result "1-0"]
[WhiteElo "2067"]
[BlackElo "1961"]
[Annotator "Jean-pierre,LEES"]
[PlyCount "65"]
[SourceDate "2012.07.12"]
[TimeControl "240+2"]

{1024MB, Fritz8.ctg
} 1. e4 c5 2. Nf3 d6 3. d4 cxd4 4. Nxd4 Nf6 5. Nc3 g6 6.
Be2 Bg7 7. Be3 O-O 8. Qd2 Nc6 9. O-O-O d5 10. exd5 Nxd5 11. Nxc6 bxc6 12. Nxd5
cxd5 13. Qxd5 Qc7 14. Qxa8 Bf5 15. Qxf8+ Kxf8 16. Rd2 h5 17. h3 Bf6 18. Rhd1
Qb7 19. c3 Qc7 20. Bd3 Be6 21. a3 Qa5 22. Bc2 Kg8 23. Rd8+ Kh7 24. f4 a6 25. a4
Qc7 26. g4 hxg4 27. hxg4 Bxg4 28. Rh1+ Kg7 29. Rhh8 Bxc3 30. bxc3 f6 31. f5 g5
32. Rdg8+ Kf7 33. Bb3+ 1-0

[Event "Vaujany Principal"]
[Site "Vaujany"]
[Date "2012.07.15"]
[Round "4.26"]
[White "Trin, Pierre"]
[Black "Adam, Gyorgy Sr"]
[Result "0-1"]
[WhiteElo "1838"]
[BlackElo "2066"]
[Annotator "Jean-pierre,LEES"]
[PlyCount "68"]
[SourceDate "2012.07.12"]
[TimeControl "240+2"]

{1024MB, Fritz8.ctg
} 1. e4 c5 2. Nf3 Nc6 3. Bb5 g6 4. Bxc6 dxc6 5. d4 cxd4 6.
Qxd4 Qxd4 7. Nxd4 Bg7 8. c3 Bd7 9. a4 Nf6 10. f3 O-O-O 11. Be3 Kb8 12. O-O h5
13. Na3 Ne8 14. Nc4 e5 15. Nb3 Be6 16. Nba5 Nd6 17. b3 Nxc4 18. bxc4 Kc7 19. c5
b6 20. cxb6+ axb6 21. Rab1 bxa5 22. Bb6+ Kc8 23. Bxa5 (23. Bxd8 Rxd8) 23... Bc4
24. Rf2 Rd3 25. Rfb2 Kd7 26. Rb7+ Ke6 27. Rc7 Kf6 28. Rxc6+ Be6 29. Bb6 Rc8 30.
Rxc8 Bxc8 31. c4 Bh6 32. a5 Ba6 33. Bf2 Bxc4 34. a6 Bxa6 0-1

[Event "Vaujany Principal"]
[Site "Vaujany"]
[Date "2012.07.15"]
[Round "4.27"]
[White "Dubois, Hervé"]
[Black "Soyer, Jean-Yves"]
[Result "0-1"]
[WhiteElo "1854"]
[BlackElo "2056"]
[Annotator "Jean-pierre,LEES"]
[PlyCount "109"]
[SourceDate "2012.07.12"]
[TimeControl "240+2"]

{1024MB, Fritz8.ctg
} 1. c4 Nf6 2. Nf3 g6 3. g3 Bg7 4. Bg2 O-O 5. O-O d6 6. Nc3
a6 7. b3 c5 8. d4 Nc6 9. Bb2 Bg4 10. dxc5 dxc5 11. h3 Bf5 12. Nh4 Bd7 13. Qd2
Qa5 14. Rfd1 Rfd8 15. Na4 Qc7 16. Qe1 (16. Nxc5 Bxh3 17. Nd3 Bxg2 18. Nxg2 $15)
16... b6 17. Kh2 Rab8 18. Rac1 Nb4 19. Nc3 Bc6 20. a3 Bxg2 21. Nxg2 Nc6 22. Nd5
Nxd5 23. Bxg7 Kxg7 24. cxd5 Ne5 25. Qc3 Kg8 26. f4 Nd7 27. e4 Nf6 28. Qf3 Qb7
29. Ne3 Nd7 30. h4 b5 31. h5 Qb6 32. e5 Rbc8 33. h6 e6 34. dxe6 Qxe6 35. Nd5 f6
36. exf6 Nxf6 37. Nxf6+ Qxf6 38. Qb7 Qb2+ 39. Kh3 Qf6 40. Qe4 Rxd1 41. Rxd1
Qf5+ 42. Qxf5 gxf5 43. g4 fxg4+ 44. Kxg4 c4 45. bxc4 bxc4 46. Rc1 c3 47. Rc2
Kf7 48. Kg5 Rc5+ 49. f5 Rc4 50. a4 a5 51. Kh5 Kf6 52. Re2 c2 53. Re6+ Kf7 54.
Rf6+ Kg8 55. Ra6 0-1

[Event "Vaujany Principal"]
[Site "Vaujany"]
[Date "2012.07.15"]
[Round "4.28"]
[White "Bach, Anatole"]
[Black "Hodot, Yves"]
[Result "1-0"]
[WhiteElo "2052"]
[BlackElo "1915"]
[Annotator "Jean-pierre,LEES"]
[PlyCount "109"]
[SourceDate "2012.07.12"]
[TimeControl "240+2"]

{1024MB, Fritz8.ctg
} 1. e4 e6 2. d4 d5 3. Nd2 Nf6 4. e5 Nfd7 5. Bd3 c5 6. c3
Nc6 7. Ngf3 b6 (7... Be7 8. O-O) (7... Qb6 8. O-O Be7 (8... cxd4) 9. Re1 cxd4
10. cxd4 a5) 8. O-O cxd4 9. cxd4 Nb4 10. Bb5 a6 11. Ba4 b5 12. Bb3 f6 13. a3
Nc6 14. Re1 fxe5 15. Nxe5 Ndxe5 16. dxe5 Bc5 17. Nf3 Qb6 18. Be3 Bxe3 19. Rxe3
Bd7 20. Rc1 O-O 21. Bxd5 Rad8 (21... exd5 $2 22. Qxd5+ Kh8 23. Qxd7 $18) 22.
Be4 Ne7 23. Rd3 Nd5 24. Bxd5 exd5 25. Rxd5 Bg4 26. Rxd8 Rxd8 27. Qb3+ Be6 28.
Qe3 Qxe3 29. fxe3 Bc4 30. Kf2 h6 31. h4 Rd3 32. Rc2 Rd1 33. Rd2 Rf1+ 34. Kg3 a5
35. Kf4 Kf7 36. Ke4 a4 37. Kd4 Ke6 38. Kc5 Rc1 39. Kb4 Kf5 40. Nd4+ Kxe5 41.
Nxb5 Bxb5 42. Kxb5 Ke4 43. Kxa4 Kxe3 44. Rd7 g5 45. hxg5 hxg5 46. b4 g4 47. b5
Rb1 48. Ka5 g3 49. Rf7 Kd4 50. Rf3 Kc5 51. a4 Re1 52. Rxg3 Re8 53. Rc3+ Kd6 54.
b6 Rb8 55. Kb5 1-0

[Event "Vaujany Principal"]
[Site "Vaujany"]
[Date "2012.07.15"]
[Round "4.29"]
[White "Veys, Vincent"]
[Black "Abdesselem, Ahmed"]
[Result "1-0"]
[WhiteElo "2048"]
[BlackElo "1875"]
[Annotator "Jean-pierre,LEES"]
[PlyCount "65"]
[SourceDate "2012.07.12"]
[TimeControl "240+2"]

{1024MB, Fritz8.ctg
} 1. e4 c5 2. Nf3 d6 3. c3 Nf6 4. h3 Bd7 5. Bd3 g6 6. O-O
Bg7 7. Re1 Nc6 8. Bc2 O-O 9. d4 cxd4 10. cxd4 Nb4 11. Bb3 Bb5 12. Nc3 Ba6 13.
e5 dxe5 14. dxe5 Ne8 15. Qxd8 Rxd8 16. Bg5 Nc6 17. Nd5 Rd7 18. e6 fxe6 19.
Nxe7+ Rxe7 20. Bxe7 Nxe7 21. Rxe6 Kh8 22. Rxe7 Bxb2 23. Rae1 Ng7 24. Rd1 Bf6
25. Rc7 Ne8 26. Rc8 Bb5 27. Nd4 Bxd4 28. Rxd4 Bc6 29. Bd5 Kg7 30. Bxc6 bxc6 31.
Rdd8 Kf7 32. Rd7+ Ke6 33. Rxa7 1-0

[Event "Vaujany Principal"]
[Site "Vaujany"]
[Date "2012.07.15"]
[Round "4.30"]
[White "Weisz, Jacques"]
[Black "Laehnwitz, Alexander"]
[Result "1-0"]
[WhiteElo "1809"]
[BlackElo "2031"]
[Annotator "Jean-pierre,LEES"]
[PlyCount "77"]
[SourceDate "2012.07.12"]
[TimeControl "240+2"]

{1024MB, Fritz8.ctg
} 1. d4 d5 2. c4 c6 3. e3 Nf6 4. Nc3 e6 5. Bd3 dxc4 6. Bxc4
Nbd7 7. Nf3 Be7 8. O-O O-O 9. Qe2 a6 10. Rd1 b5 11. Bd3 Qb6 12. e4 c5 13. d5
Bb7 14. Bf4 exd5 15. exd5 Rfe8 16. Qc2 Bd6 17. Bg5 g6 18. Rd2 Qc7 19. Rad1 b4
20. Ne4 Nxe4 21. Bxe4 c4 22. Qb1 Nc5 23. Bc2 Qd7 24. Bf6 b3 25. axb3 cxb3 26.
Bd3 Bf4 27. Re2 Rxe2 (27... Bxd5 28. Rxe8+ Rxe8 29. Bc4 Bxc4 30. Rxd7 Nxd7) 28.
Bxe2 Re8 29. Bc4 Ne4 30. Bd4 Qa4 31. Qd3 Nd6 32. Bxb3 Qb4 33. Bc2 Nb5 34. Bc3
Qc5 35. Ba4 Rd8 36. Bxb5 axb5 37. Qe4 Bh6 38. Qe5 Kf8 39. Re1 1-0

[Event "Vaujany Principal"]
[Site "Vaujany"]
[Date "2012.07.15"]
[Round "4.32"]
[White "N'Guyen, Emilien"]
[Black "Coppola, Federico"]
[Result "1-0"]
[WhiteElo "2027"]
[BlackElo "1844"]
[Annotator "Jean-pierre,LEES"]
[PlyCount "101"]
[SourceDate "2012.07.12"]
[TimeControl "240+2"]

{1024MB, Fritz8.ctg
} 1. d4 Nf6 2. c4 c5 3. d5 e6 4. Nc3 exd5 5. cxd5 d6 6. e4
g6 7. Bd3 Bg7 8. h3 O-O 9. Nf3 b5 10. Bxb5 (10. Nxb5 Re8 11. O-O Nxe4 12. Re1
a6 13. Na3 Nf6 14. Rxe8+ Nxe8 15. Bg5) 10... Nxe4 11. Nxe4 Qa5+ 12. Nfd2 Qxb5
13. Nxd6 Qa6 14. N2c4 Nd7 15. O-O Ne5 (15... Nb6 16. Nxb6 Qxb6 17. Nxc8 Raxc8 {
est plus frequent - jusau'ici nous avons suivi la theorie...}) 16. Nxe5 (16.
Nxc8 Raxc8 17. Nxe5 Bxe5 18. Re1 Qf6 19. Rb1 Rfd8 20. b3 Bd4) 16... Bxe5 17.
Nxc8 Raxc8 18. Re1 Qd6 (18... Qf6) (18... Rfe8) 19. Qf3 Rfd8 20. Rd1 Bd4 21.
Be3 Qxd5 22. Qxd5 Rxd5 23. Rd2 Rcd8 24. Rad1 $11 f5 25. b4 Re8 26. Kf1 (26.
bxc5 Rxe3 $1 27. Rxd4 Rxd4 28. Rxd4 Rc3) 26... Rde5 27. Bxd4 cxd4 28. Rxd4 Re2
29. Rd8 Re1+ 30. Rxe1 Rxd8 31. Re7 Rb8 32. a3 a6 33. Ra7 Rb6 34. Ke2 Rd6 35.
Ke3 g5 36. Rc7 h6 37. Ra7 Kf8 38. g4 fxg4 39. hxg4 Ke8 40. Ke4 Kd8 41. Kf5 Kc8
42. Rf7 Rd3 43. Kg6 Rxa3 44. Kxh6 Ra4 45. Kxg5 Rxb4 46. f4 a5 47. f5 a4 48. Ra7
Kb8 49. Ra5 Kb7 50. f6 Kb6 51. Ra8 1-0

[Event "Vaujany Principal"]
[Site "Vaujany"]
[Date "2012.07.15"]
[Round "4.33"]
[White "Hoyer, Hans Gerd"]
[Black "Michel, Stephan"]
[Result "1/2-1/2"]
[WhiteElo "2032"]
[BlackElo "1989"]
[Annotator "Jean-pierre,LEES"]
[PlyCount "98"]
[SourceDate "2012.07.12"]
[TimeControl "240+2"]

{1024MB, Fritz8.ctg
} 1. g3 d5 2. Bg2 e5 3. d3 Be6 4. Nf3 f6 5. c3 Qd7 6. Nbd2
Nc6 7. a3 Nge7 8. e4 Bh3 9. Bxh3 Qxh3 10. Qe2 O-O-O 11. Qf1 Qe6 12. h4 Kb8 13.
b4 Nc8 14. Qh3 Qxh3 15. Rxh3 dxe4 16. dxe4 a5 17. Bb2 Nb6 18. O-O-O g6 19. g4
Rd7 20. Rhh1 Be7 21. Nb3 Rhd8 22. Rxd7 Rxd7 23. Rd1 Rxd1+ 24. Kxd1 Nc4 25. Bc1
Na7 26. Nbd2 Nd6 27. Kc2 axb4 28. axb4 b5 29. Kd3 Nac8 30. Nb3 Nc4 31. g5 N8d6
32. gxf6 Bxf6 33. Nc5 Nb6 34. Bg5 Bxg5 35. Nxg5 h6 36. Nge6 Nf7 37. Na6+ Kc8
38. Naxc7 Kd7 39. Nd5 Kxe6 40. Nxb6 g5 41. hxg5 Nxg5 42. Nd5 h5 43. f4 exf4 44.
Nxf4+ Ke5 45. Nxh5 Nxe4 46. c4 bxc4+ 47. Kxc4 Kd6 48. Nf4 Kc6 49. b5+ Kb7
1/2-1/2

[Event "Vaujany Principal"]
[Site "Vaujany"]
[Date "2012.07.15"]
[Round "4.34"]
[White "Van Foreest, Lucas"]
[Black "Devoille, Hugo"]
[Result "1/2-1/2"]
[WhiteElo "1969"]
[BlackElo "1927"]
[Annotator "Jean-pierre,LEES"]
[PlyCount "118"]
[SourceDate "2012.07.12"]
[TimeControl "240+2"]

{1024MB, Fritz8.ctg
} 1. d4 d5 2. c4 c6 3. Nc3 Nf6 4. Nf3 dxc4 5. a4 Na6 $5 6.
e4 Bg4 7. Be3 (7. Bxc4 e6 8. Be3) 7... e6 (7... Qa5 $142 8. Qd2 Bxf3 9. gxf3 e5
10. dxe5 Rd8 11. Qc1 Nd7 12. f4 Ndc5 13. Bxc4) 8. Bxc4 Nb4 9. O-O Be7 10. Qe2 (
10. Qd2 O-O 11. Rfd1 Rc8 12. Bf4 Re8 13. Bb3 h6 14. Be3) 10... O-O 11. Rfd1 Rc8
12. Rd2 Qa5 13. h3 Bh5 14. Rad1 Rfd8 15. Bf4 Re8 16. Bb3 h6 17. Be3 Rcd8 18.
Bf4 a6 19. Be5 Nd7 20. Bh2 Bg5 21. g4 Bxd2 22. Nxd2 Bg6 23. Nc4 Qg5 24. Nd6 Rf8
25. Nxb7 Ra8 26. Bd6 Rfe8 27. f4 Qh4 28. Kg2 Nf6 29. Na5 Rec8 30. Nc4 a5 31.
Nb6 Re8 32. Nxa8 Rxa8 33. f5 exf5 34. exf5 Re8 35. Qf2 Qxf2+ 36. Kxf2 Bh7 37.
Bc7 Ra8 38. Be5 Nd7 39. Ne4 g6 40. Nd6 Nd5 41. Rc1 Rb8 42. Bxd5 cxd5 43. fxg6
Bxg6 44. Nb5 Nxe5 45. dxe5 Bd3 46. Rc5 Be4 47. Ke3 Bg2 48. h4 Bh3 49. Rxd5 Bxg4
50. Rd6 h5 51. Ra6 Bd1 52. Nc3 Bg4 53. Rxa5 Rxb2 54. Kf4 Rf2+ 55. Ke4 Rh2 56.
Nd5 Rxh4 57. Nf6+ Kg7 58. Kf4 Bd1+ 59. Kg5 Rxa4 {60 Txa4 Fxa4 61 Cxh5+ Rf8 62
Rf6 ou 60 Td5 Ff3 61 Td8 laissent encore des possibilites aux blancs} 1/2-1/2

[Event "Vaujany"]
[Site "?"]
[Date "2012.07.16"]
[Round "5.1"]
[White "Edouard, Romain"]
[Black "Horváth, József"]
[Result "1-0"]
[WhiteElo "2646"]
[BlackElo "2531"]
[PlyCount "95"]
[SourceDate "2012.07.12"]

1. d4 d5 2. c4 e6 3. Nf3 Nf6 4. Nc3 c5 5. cxd5 cxd4 $5 6. Qa4+ Bd7 7. Qxd4 exd5
8. Bg5 $5 (8. Nxd5 Qa5+ 9. Nc3 Nc6 $44) 8... Nc6 9. Qd3 Be7 10. e3 Qa5 $5 11.
Be2 Ne4 12. Bxe7 Nxe7 13. O-O Nxc3 14. bxc3 Rc8 15. Rfc1 O-O (15... Rc7 $5) 16.
c4 Be6 17. Ng5 Bf5 18. Qb3 {#} Qb6 $2 (18... h6 19. Nf3 dxc4 20. Bxc4 Be4 $1
$132) 19. cxd5 Qxb3 20. axb3 Nxd5 21. Rxc8 Rxc8 {Diagramme #} 22. Bc4 Nb6 (
22... h6 23. Bxd5 hxg5 24. Bxb7 Rc7 25. Bd5 $16) 23. Bxf7+ Kf8 24. Be6 Bxe6 25.
Nxe6+ Kf7 26. Nd4 a6 27. Kf1 Nd5 28. Ke2 Rc5 29. Kd2 Nc3 30. b4 Rc7 31. f3 Nd5
32. b5 axb5 33. Nxb5 Rd7 34. Ke2 Nc7 35. Rb1 $1 Nxb5 36. Rxb5 Ke6 37. e4 Rc7
38. Kd3 Rd7+ 39. Ke3 Rc7 40. Rb6+ Kd7 41. Kd4 Kc8 42. Rb5 b6 43. Rxb6 Rc2 44.
g4 Rxh2 45. Ra6 Rd2+ (45... Kb7 46. Re6 $18) 46. Ke5 Rd7 47. Rc6+ Kb7 48. Rc3
1-0

[Event "Vaujany"]
[Site "?"]
[Date "2012.07.16"]
[Round "5.2"]
[White "Torma, Róbert"]
[Black "Istratescu, Andrei"]
[Result "0-1"]
[WhiteElo "2424"]
[BlackElo "2641"]
[PlyCount "110"]
[SourceDate "2012.07.12"]

1. e4 e6 2. d4 d5 3. Nc3 Bb4 4. e5 c5 5. a3 Bxc3+ 6. bxc3 Qa5 7. Bd2 Qa4 8. Nf3
b6 9. Qb1 Ba6 10. Qb3 Qc6 11. Bxa6 Nxa6 12. a4 Ne7 13. h4 h6 14. h5 Rc8 15. Rh4
Nb8 16. Kd1 cxd4 17. cxd4 Qc4 18. Qxc4 Rxc4 19. c3 Nbc6 20. Ke2 Na5 21. Rhh1
Rc7 22. Ne1 Nc4 23. Nd3 f6 24. exf6 gxf6 25. Bf4 Rc8 26. Rh3 Kf7 27. Rf3 Rcg8
28. Rg3 Rxg3 29. Bxg3 Nc6 30. Nf4 Rd8 31. Bh4 Rd7 32. Kd3 e5 33. Ne2 Ke6 34. f3
Rg7 35. g4 f5 36. Rg1 fxg4 37. fxg4 e4+ 38. Kc2 {Diagramme #} Rxg4 39. Rxg4
Ne3+ 40. Kd2 Nxg4 41. Nf4+ Kd6 42. Bg3 Ne7 43. Ke2 Nf5 44. Be1 Nf6 45. Bd2 Kc6
46. Bc1 b5 47. a5 b4 48. cxb4 Nxd4+ 49. Kd1 Nb5 50. Ne6 Nxh5 51. Nc5 Nd4 52.
Bxh6 Kb5 53. Bf8 Nf4 54. Kd2 Nfe6 55. Nxe6 Nxe6 0-1

[Event "Vaujany"]
[Site "?"]
[Date "2012.07.16"]
[Round "5.3"]
[White "Epishin, Vladimir"]
[Black "Serafimov, Tervel"]
[Result "1-0"]
[WhiteElo "2567"]
[BlackElo "2425"]
[PlyCount "120"]
[EventDate "2012.07.20"]
[SourceDate "2012.07.12"]

1. d4 d5 2. c4 c5 3. Nf3 cxd4 4. cxd5 Nf6 5. Qxd4 Qxd5 6. Nc3 Qxd4 7. Nxd4 a6
8. g3 e5 9. Nc2 Bf5 10. Ne3 Be6 11. Bg2 Nc6 12. Bd2 O-O-O 13. Rc1 Kb8 14. Bxc6
bxc6 15. f3 Nd7 16. b3 Nc5 17. Ncd1 Bd5 18. Nf2 Ne6 19. Ba5 Re8 20. Bc3 f6 21.
Rd1 Nc7 22. Ba5 Be6 23. Nd3 Nb5 24. Bb4 e4 25. fxe4 Bc8 26. Bxf8 Rhxf8 27. e5
fxe5 28. Rc1 Rf6 29. Rf1 Rh6 30. Rf2 Nd6 31. Nc5 Re7 32. Nc4 Rf7 33. Rxf7 Nxf7
34. h4 g5 35. hxg5 Rg6 36. Rc3 Rxg5 37. Rf3 Nd8 38. Nd6 Rg8 39. Re3 Rg5 40. b4
Rh5 41. Nxc8 Kxc8 42. Ra3 Rh1+ 43. Kd2 Rg1 44. Rxa6 Rxg3 45. Ra8+ Kc7 46. Ra7+
Kc8 47. a4 h5 48. Rh7 Rg4 49. e4 h4 50. a5 Rg2+ 51. Ke3 Ra2 52. Rxh4 Nf7 53.
Kd3 Kb8 54. Rg4 Ra3+ 55. Kc2 Rf3 56. Rg6 Kc7 57. Re6 Rf2+ 58. Kd3 Rf3+ 59. Ke2
Rf4 60. Re7+ Kd8 1-0

[Event "Vaujany"]
[Site "?"]
[Date "2012.07.16"]
[Round "5.4"]
[White "Roos, Daniel"]
[Black "Gozzoli, Yannick"]
[Result "1/2-1/2"]
[WhiteElo "2383"]
[BlackElo "2547"]
[PlyCount "43"]
[SourceDate "2012.07.12"]

1. Nf3 c5 2. e3 g6 3. d4 Bg7 4. c3 d5 5. Be2 Nf6 6. O-O O-O 7. b3 Nc6 8. Bb2
cxd4 9. cxd4 Bf5 10. Nc3 Rc8 11. Rc1 Ne4 12. Nd2 Nxc3 13. Bxc3 Qd6 14. Nf3 Qa3
15. Qd2 a5 16. Nh4 Bd7 17. f4 b6 18. Bb2 Qb4 19. Bc3 Qa3 20. Bb2 Qb4 21. Bc3
Qa3 22. Bb2 1/2-1/2

[Event "Vaujany"]
[Site "?"]
[Date "2012.07.16"]
[Round "5.5"]
[White "Kantans, Toms"]
[Black "Riff, Jean Noel"]
[Result "1/2-1/2"]
[WhiteElo "2354"]
[BlackElo "2500"]
[PlyCount "86"]
[SourceDate "2012.07.12"]

1. e4 e6 2. c4 c5 3. Nc3 Nc6 4. g3 Nge7 5. Bg2 Nd4 6. Nge2 Nec6 7. O-O Be7 8.
a3 a6 9. d3 Rb8 10. Nxd4 Nxd4 11. Be3 Bf6 12. f4 d6 13. g4 h6 14. b4 cxb4 15.
axb4 g5 $5 {un peu ose, mais cela contre la strategie blanche!} 16. Ra2 gxf4
17. Bxf4 Be5 18. Raf2 Rh7 19. Kh1 b5 20. c5 Bxf4 21. Rxf4 {Diagramme #} dxc5 $4
(21... e5 $5) (21... Qc7 $5) 22. e5 Bb7 23. Bxb7 Rxb7 24. Ne4 Qd5 25. Kg1 Kd8
26. Nf6 Qxe5 27. Re4 Qd6 28. Qa1 (28. Nxh7 f5 $5) 28... e5 29. Nxh7 f5 30. gxf5
(30. bxc5 $1 Qxc5 31. Rxd4+ Qxd4+ 32. Qxd4+ exd4 $13) 30... Rxh7 31. f6 (31.
bxc5 $5) 31... cxb4 32. Qe1 Rf7 33. Qg3 Nc6 34. d4 Nxd4 35. Qxe5 (35. Rxe5 $5
Nc6 36. Re8+ Kd7 37. Qxd6+ Kxd6 $13) 35... Qxe5 36. Rxe5 Nc6 37. Rd1+ Kc7 38.
Re6 b3 39. Rc1 b2 40. Rcxc6+ Kb7 41. Rb6+ Kc7 42. Rbc6+ Kb7 43. Rb6+ Kc7
1/2-1/2

[Event "Vaujany"]
[Site "?"]
[Date "2012.07.16"]
[Round "5.6"]
[White "Csonka, Balazs"]
[Black "Milchev, Nikolay"]
[Result "1/2-1/2"]
[WhiteElo "2306"]
[BlackElo "2421"]
[PlyCount "89"]
[SourceDate "2012.07.12"]

1. d4 Nf6 2. c4 c5 3. d5 b5 4. Qc2 g6 5. e4 d6 6. cxb5 a6 7. Nc3 Bg7 8. Nf3 O-O
9. a4 axb5 10. Bxb5 Na6 11. O-O Nb4 12. Qb3 Ba6 13. Bg5 h6 14. Bh4 g5 15. Bg3
Nh5 16. Nd2 f5 17. exf5 Rxf5 18. Nc4 Kh8 19. Ne3 Rf7 20. Nc2 Qa5 21. Rad1 Raf8
22. Bxa6 Nxc2 23. Qxc2 Qxa6 24. Nb5 Qa5 25. b3 Qb4 26. Qd3 Nf4 27. Bxf4 Rxf4
28. Rc1 Be5 29. Nc7 {Diagramme #} Rxf2 30. Rxf2 Rxf2 31. Kxf2 Qf4+ 32. Qf3 Qd2+
33. Kf1 Qxc1+ 34. Kf2 Qc2+ 35. Kf1 Qb1+ 36. Ke2 Qb2+ 37. Kf1 Qa1+ 38. Ke2 Qb2+
39. Kf1 Qc1+ 40. Ke2 Qc2+ 41. Kf1 Kg8 42. Ne6 Qc1+ 43. Ke2 Qc2+ 44. Kf1 Qc1+
45. Ke2 1/2-1/2

[Event "Vaujany"]
[Site "?"]
[Date "2012.07.16"]
[Round "5.7"]
[White "Meng, Roger"]
[Black "Kukov, Velislav"]
[Result "1/2-1/2"]
[WhiteElo "2272"]
[BlackElo "2404"]
[PlyCount "60"]
[SourceDate "2012.07.12"]

1. e4 c6 2. d4 d5 3. Nd2 dxe4 4. Nxe4 Bf5 5. Ng3 Bg6 6. Nf3 e6 7. Bc4 Nd7 8.
O-O Ngf6 9. Qe2 Be7 10. Bb3 h6 11. Rd1 Qc7 12. c4 Bh7 13. Bd2 O-O 14. Bc3 Rfe8
15. Ne5 Nxe5 16. dxe5 Nd7 17. Nh5 a5 18. Qg4 Bg6 19. a3 Rad8 20. h4 Bf8 21. Qe2
Bxh5 22. Qxh5 g6 23. Qe2 Bg7 24. Re1 h5 25. Bc2 Nb8 26. b4 axb4 27. axb4 Na6
28. Reb1 Ra8 29. g3 c5 30. b5 Nb4 1/2-1/2

[Event "Vaujany"]
[Site "?"]
[Date "2012.07.16"]
[Round "5.8"]
[White "Valles, Manuel"]
[Black "Foisor, Cristina-Adela"]
[Result "1/2-1/2"]
[WhiteElo "2248"]
[BlackElo "2401"]
[PlyCount "143"]
[EventDate "2012.07.20"]
[SourceDate "2012.07.12"]

1. c4 c5 2. Nc3 g6 3. g3 Bg7 4. Bg2 Nc6 5. d3 a6 6. e4 Rb8 7. a4 d6 8. Nge2 Bd7
9. O-O Qc8 10. Re1 Bh3 11. Bh1 h5 12. Be3 h4 13. f3 hxg3 14. hxg3 Nd4 15. Rb1
Bd7 16. Bg2 b5 17. axb5 axb5 18. cxb5 Nxb5 19. Qd2 Nf6 20. b4 Nxc3 21. Qxc3 O-O
22. d4 cxd4 23. Bxd4 Bb5 24. Qb2 Bd3 25. Rbc1 Qb7 26. Nf4 Ba6 27. Nd5 Nxd5 28.
Bxg7 Nxb4 29. Bxf8 Rxf8 30. Qd4 {(=)} Nd3 31. Rb1 Qc7 32. Red1 Qc2 33. Bf1 Ne5
34. Qf2 Qxf2+ 35. Kxf2 Bxf1 36. Rxf1 Rc8 37. Kg2 f5 38. Rfc1 Rxc1 39. Rxc1 fxe4
40. fxe4 Kf7 41. Ra1 Kf6 42. Kf2 Ng4+ 43. Kf3 Kg5 44. Ra7 Ne5+ 45. Kf2 Kf6 46.
Ra5 Ke6 47. Rb5 Nf7 48. Ke3 Kf6 49. Ra5 Ne5 50. Kf2 Nd3+ 51. Ke3 Nc5 52. Kf4
Ke6 53. Rb5 Kf7 54. Ke3 Kf6 55. Kf4 Nd3+ 56. Ke3 Ne5 57. Kf2 Nf7 58. Ke3 Nh6
59. Kf4 g5+ 60. Kf3 e6 61. Ra5 Nf7 62. Ke3 Ne5 63. Ra6 Ke7 64. Ra7+ Kf6 65. Ra6
Nf7 66. Ra5 Nd8 67. Ra8 Nf7 68. Ra5 Nh6 69. Kf3 Ng8 70. Kg4 Nh6+ 71. Kf3 Nf7
72. Ke3 1/2-1/2

[Event "Vaujany"]
[Site "?"]
[Date "2012.07.16"]
[Round "5.9"]
[White "Philippe, Christophe"]
[Black "Van Foreest, Jorden"]
[Result "1-0"]
[WhiteElo "2403"]
[BlackElo "2209"]
[PlyCount "87"]
[SourceDate "2012.07.12"]

1. e4 e5 2. Nf3 Nc6 3. Bc4 Bc5 4. c3 Nf6 5. d3 a6 6. Bb3 Ba7 7. h3 h6 8. Nbd2
O-O 9. Nf1 d5 10. Qe2 Re8 11. g4 Na5 12. Ng3 Nxb3 13. axb3 Nh7 14. Nf5 Nf8 15.
Be3 f6 16. h4 Ne6 17. O-O-O d4 18. cxd4 exd4 19. Bd2 Nc5 20. Rdg1 Nxb3+ 21. Kc2
Nc5 22. Bxh6 Rxe4 23. Qd2 Bxf5 24. gxf5 Qd5 25. Bxg7 Qb3+ 26. Kb1 Na4 27. Bxf6+
Kf8 28. Qh6+ Ke8 29. Qh8+ Kd7 30. Qg7+ Kc6 31. Rc1+ Kb5 32. Rc2 Re2 33. Qd7+
Ka5 {Diagramme #} 34. Rxe2 Nc3+ 35. Kc1 Nxe2+ 36. Kd2 Qxb2+ 37. Ke1 Nc1 38. Kf1
Nxd3 39. Bxd4 Qc1+ 40. Kg2 Rg8+ 41. Bg7 Qb2 42. Qxd3 Rxg7+ 43. Ng5 Bxf2 44. Rb1
1-0

[Event "Vaujany"]
[Site "?"]
[Date "2012.07.16"]
[Round "5.10"]
[White "Olivier, Jean-Christophe"]
[Black "Gelas, Christophe"]
[Result "1-0"]
[WhiteElo "2394"]
[BlackElo "2148"]
[Annotator "Olivier JC"]
[PlyCount "65"]
[SourceDate "2012.07.12"]

1. e4 e6 2. d4 d5 3. Nc3 Nf6 4. Bg5 Bb4 5. Nge2 dxe4 6. a3 Be7 7. Bxf6 Bxf6 8.
Nxe4 Nc6 9. Qd3 Bxd4 10. O-O-O Be5 11. Qxd8+ ({
sur les 2 autres lignes les blancs n'ont pas assez de compensations :} 11. Qe3
Bxb2+ 12. Kxb2 Qxd1 13. Nd2 Na5 {menace Dd2} 14. Ng3 Qg4) (11. Qb3 Qh4 12. f3
O-O 13. g3 Qe7) 11... Nxd8 12. f4 Bf6 13. Nxf6+ gxf6 14. Nc3 a6 (14... Bd7 15.
Ne4 Bc6 (15... Ke7 16. Nxf6) 16. Nxf6+ Ke7 17. Ng4 $14) 15. Be2 f5 (15... Bd7
16. Ne4 Bc6 17. Nxf6+ Ke7 18. Ng4 Bxg2 19. Rhg1 {
les blancs ont une bonne initiative pour le pion}) 16. g4 fxg4 17. Bxg4 Bd7 18.
f5 h5 ({meilleur etait} 18... Nc6 19. fxe6 fxe6 20. Rhe1 O-O-O 21. Bxe6 Bxe6
22. Rxe6 Rxd1+ 23. Kxd1 $11) (18... exf5 $2 19. Nd5) 19. Bh3 Nc6 20. Ne4 Rh6 ({
meilleur etait} 20... O-O-O 21. Nc5 Rhe8) 21. Nc5 Bc8 (21... O-O-O 22. Rhe1 b6
23. Nxd7 Rxd7 24. fxe6 Rxd1+ 25. Kxd1 fxe6 26. Rxe6 Rxe6 27. Bxe6+ Kd8 $16) 22.
Rhg1 Ne7 23. fxe6 fxe6 (23... Bxe6) 24. Rge1 Kf7 25. Rd8 Nc6 26. Rf1+ Ke7 27.
Rg8 Kd6 28. Ne4+ Ke5 29. Ng5 Kd4 30. Bxe6 Ne7 31. Re8 Rg6 32. h4 Rg7 33. Bxc8
1-0

[Event "Vaujany"]
[Site "?"]
[Date "2012.07.16"]
[Round "5.11"]
[White "Foisor, Ovidiu-Doru"]
[Black "Moal, Alain"]
[Result "1-0"]
[WhiteElo "2381"]
[BlackElo "2175"]
[PlyCount "59"]
[SourceDate "2012.07.12"]

1. d4 Nf6 2. c4 g6 3. Nc3 d5 4. cxd5 Nxd5 5. Bd2 Bg7 6. e4 Nb6 7. Be3 O-O 8. h3
Be6 $5 9. d5 Bd7 10. a4 c6 (10... e6 $5) 11. a5 Nc8 12. Nf3 cxd5 13. exd5 Nd6 (
13... e6 14. dxe6 (14. d6 $5) 14... Bxe6 15. Nd4 Bd7) 14. Be2 Qc7 15. Bd4 (15.
O-O $142 Na6 16. Qb3 Rfc8 17. Rfc1 Qd8 18. Nd4 $14) 15... Na6 16. Bxg7 Kxg7 17.
Qd4+ f6 18. O-O Qc5 19. Qd2 Qb4 20. Rfe1 Rfe8 21. Nd4 Rac8 22. Bg4 f5 23. Be2
Nc5 24. Ra3 e5 $6 (24... Na4 $2 25. Nc2 Qxb2 26. Rb1) 25. dxe6 Nxe6 $4 26. Nc2
$1 Qf4 27. Rd1 $18 Rc6 28. Bf3 Ra6 29. Bxb7 Qxd2 30. Rxd2 1-0